Osemdesiatka Konštantína Palkoviča

Bibliographic Details
Main Author: Horecký, Ján, 1920-2006 (Author)
Format: Article
Language:Slovak
ISSN:0023-5202
Subjects:

MARC

LEADER 00000nab a2200000 a 4500
001 vtls000708446
003 SK-MaSNL
005 20260305044243.0
008 250429c1999 xo 0 slo
015 |a SNBRB2000/01-00523 
035 |a CLN000060613 
035 |a urn:nbn:sk:snk-ab1mvk 
035 |a (urnnbn)urn:nbn:sk:snk:ar-004ku9 
035 |a (uuid)599d52ad-6726-48d1-ae6f-1a4600a6b7ef 
040 |a SNKBUCL  |b slo  |c SNKBUCL  |e AACR2 
041 0 |a slo 
044 |a xo  |c SK 
080 |a 801-051  |2 1997 
080 |a 808.54-051  |2 1997 
080 |a 929 Palkovič, Konštantín  |2 1997 
100 1 |a Horecký, Ján,  |d 1920-2006  |4 aut  |9 105131 
245 1 0 |a Osemdesiatka Konštantína Palkoviča  |c Ján Horecký 
600 1 7 |a Palkovič, Konštantín,  |d 1919-2008  |2 snkbucl  |9 11233 
655 7 |a články z novín a časopisov  |2 snkbucl  |9 267496 
773 0 |t Kultúra slova  |g Roč. 33, č. 4 (1999), s. 234-236  |x 0023-5202 
850 |a Slovenská národná knižnica 
852 |a Slovenská národná knižnica 
954 |a odborná, vedecká literatúra pôvodná (slovenská)  |2 lita 
958 |a article27 
958 |a OND 
958 |a BX 
958 |a SK 
958 |a EUIPO 
992 |a RBX 
999 |c 3357470  |d 3359400